Liczby od 1 do 10 - Statystyki

Ogólne statystyki
  • Ten quiz został rozwiązany 321 razy
  • Średni wynik to 10 z 10
Statystyki odpowiedzi
# Liczba % Poprawnych
# 1
99%
# 2
99%
# 3
99%
# 4
98%
# 5
98%
# 7
98%
# 9
98%
# 6
97%
# 8
97%
# 10
95%
Nie znaleziono quizów pasujących do podanych kryteriów
Rozkład punktacji
Procent ludzi z każdym wynikiem
Percentyl według liczby udzielonych odpowiedzi
Twoja historia wyników
Nie rozwiązałeś tego quizu